[Event "VEN-chT Liga Superior qual"]
[Site "Caracas"]
[Date "2018.01.26"]
[Round "1.2"]
[White "Alvarez Marquez, Johan"]
[Black "Huerta Escobar, Bruce"]
[Result "1/2-1/2"]
[WhiteElo "2388"]
[BlackElo "2031"]
[PlyCount "120"]
[EventDate "2018.01.26"]
[EventType "team-swiss"]
[EventRounds "6"]
[EventCountry "VEN"]
[SourceTitle "EXT 2022"]
[Source "ChessBase"]
[SourceDate "2021.10.06"]
[SourceVersion "1"]
[SourceVersionDate "2021.10.06"]
[SourceQuality "1"]
[WhiteTeam "Rising Sars Academy"]
[BlackTeam "Caracas 64"]
[WhiteTeamCountry "VEN"]
[BlackTeamCountry "VEN"]

1. d4 Nf6 2. c4 g6 3. Nc3 Bg7 4. e4 d6 5. f4 0-0 6. Nf3 e5 7. dxe5 dxe5 8. Qxd8 Rxd8 9. Nxe5 Re8 10. Bd3 Nxe4 11. Nxe4 f6 12. 0-0 fxe5 13. fxe5 Bxe5 14. Nf6+ Bxf6 15. Rxf6 Nd7 16. Rf1 Ne5 17. Be2 Bg4 18. Bxg4 Nxg4 19. Bf4 Ne3 20. Rf3 Nxc4 21. Rc1 Re4 22. b3 Nb6 23. Bxc7 Rc8 24. Rc5 Nd7 25. Rcc3 Nf8 26. Bd6 Rd8 27. Bc5 Re2 28. Rfd3 Rxd3 29. Rxd3 b6 30. Bb4 a5 31. Bd2 Kf7 32. Kf1 Re6 33. g4 Re4 34. h3 a4 35. Kf2 axb3 36. axb3 Re6 37. Rd5 Ke8 38. Be3 Nd7 39. Bd4 Ke7 40. Kf3 Nf6 41. Rb5 Nd7 42. Kf4 Kd6 43. Bf2 Rf6+ 44. Kg3 Kc6 45. Rb4 Nc5 46. Be3 Rd6 47. Kf3 Rd3 48. Ke2 Rd5 49. Rf4 Nxb3 50. Rf6+ Rd6 51. Rxd6+ Kxd6 52. Bxb6 Kc6 53. Be3 Na5 54. Kf3 Kd5 55. Kf4 Nc4 56. Bc1 h6 57. h4 Ke6 58. h5 gxh5 59. gxh5 Ne5 60. Be3 Nd7 1/2-1/2

[Event "Turmero Zowain Memorial"]
[Site "Turmero"]
[Date "2017.08.19"]
[Round "4"]
[White "Huerta Escobar, Bruce"]
[Black "Salazar Olchowski, Gabriel Anton"]
[Result "1/2-1/2"]
[WhiteElo "2066"]
[BlackElo "1971"]
[PlyCount "95"]
[EventDate "2017.08.19"]
[EventType "swiss"]
[EventRounds "6"]
[EventCountry "VEN"]
[SourceTitle "EXT 2019"]
[Source "ChessBase"]
[SourceDate "2018.10.10"]
[SourceVersion "1"]
[SourceVersionDate "2018.10.10"]
[SourceQuality "1"]

1. d4 Nf6 2. Nf3 g6 3. Bf4 Bg7 4. e3 0-0 5. Be2 d6 6. h3 Nbd7 7. 0-0 c5 8. c3 b6 9. Nbd2 Bb7 10. a4 a6 11. Bh2 Qc7 12. Re1 Rfe8 13. Qb3 e5 14. dxe5 Nxe5 15. Nxe5 dxe5 16. Nc4 Re6 17. a5 b5 18. Nb6 Rd8 19. c4 Qc6 20. Bf3 e4 21. Be2 b4 22. Rad1 Ree8 23. Rxd8 Rxd8 24. Rd1 Qe8 25. Bc7 Rxd1+ 26. Qxd1 Bf8 27. Qd2 Bc6 28. Bd1 Nd7 29. Ba4 Bxa4 30. Nxa4 Ne5 31. Bxe5 Qxa4 32. Qd8 Qc6 33. Qb6 Qe6 34. Qxe6 fxe6 35. b3 Kf7 36. Kh2 Ke7 37. Kg3 Kd7 38. Kf4 Be7 39. Kxe4 Bd8 40. Bb8 Bxa5 41. Ba7 Kc6 42. Bb8 Bc7 43. Bxc7 Kxc7 44. Kd3 Kd6 45. e4 Ke5 46. Ke3 g5 47. g3 a5 48. f3 1/2-1/2

[Event "Turmero Zowain Memorial"]
[Site "Turmero"]
[Date "2017.08.19"]
[Round "1"]
[White "Mora Martinez, Gabriel Gustavo"]
[Black "Huerta Escobar, Bruce"]
[Result "0-1"]
[WhiteElo "1278"]
[BlackElo "2066"]
[PlyCount "60"]
[EventDate "2017.08.19"]
[EventType "swiss"]
[EventRounds "6"]
[EventCountry "VEN"]
[SourceTitle "EXT 2019"]
[Source "ChessBase"]
[SourceDate "2018.10.10"]
[SourceVersion "1"]
[SourceVersionDate "2018.10.10"]
[SourceQuality "1"]

1. e4 g6 2. d4 Bg7 3. Nc3 d6 4. Be3 a6 5. Qd2 b5 6. a3 Bb7 7. Bd3 Nd7 8. Nge2 c5 9. b3 Rc8 10. dxc5 dxc5 11. Ng3 Qa5 12. Nge2 c4 13. Rd1 cxd3 14. Qxd3 Bxc3+ 15. Nxc3 Ne5 16. Qd4 Qxc3+ 17. Qxc3 Rxc3 18. Bd4 Rxc2 19. Bxe5 Nf6 20. 0-0 0-0 21. Bxf6 exf6 22. Rfe1 Rfc8 23. f3 Ra2 24. Ra1 Rb2 25. b4 Rcc2 26. Reb1 Rxg2+ 27. Kh1 Rxh2+ 28. Kg1 Rbg2+ 29. Kf1 Bc8 30. e5 Bh3 0-1

[Event "Caracas FVA 80th Ann"]
[Site "Caracas"]
[Date "2015.12.17"]
[Round "3"]
[White "Huerta Escobar, Bruce"]
[Black "Gascon del Nogal, Jose Rafael"]
[Result "0-1"]
[WhiteElo "2087"]
[BlackElo "2397"]
[PlyCount "58"]
[EventDate "2015.12.16"]
[EventType "swiss"]
[EventRounds "8"]
[EventCountry "VEN"]
[SourceTitle "EXT 2018"]
[Source "ChessBase"]
[SourceDate "2017.10.13"]
[SourceVersion "1"]
[SourceVersionDate "2017.10.13"]
[SourceQuality "1"]

1. Nf3 d6 2. e4 Nf6 3. Nc3 e5 4. d4 Nbd7 5. dxe5 dxe5 6. Bg5 c6 7. Qd2 Qc7 8. 0-0-0 Bb4 9. Bxf6 Nxf6 10. a3 Nxe4 11. Qd8+ Qxd8 12. Rxd8+ Kxd8 13. Nxe4 Be7 14. Nxe5 Be6 15. Bd3 Kc7 16. f4 f6 17. Nc4 b5 18. Ne3 f5 19. Nd2 Bd6 20. g3 g6 21. Nf3 Rhe8 22. h4 Bc5 23. Re1 a5 24. Ne5 a4 25. c3 Rad8 26. Bf1 Bb3 27. Nd1 Bxd1 28. Rxd1 Rxd1+ 29. Kxd1 Bf2 0-1

[Event "VEN-ch"]
[Site "Lecheria"]
[Date "2014.01.15"]
[Round "9"]
[White "Zavarce Sayago, Oscar Enrique"]
[Black "Huerta Escobar, Bruce"]
[Result "1-0"]
[WhiteElo "2223"]
[BlackElo "2055"]
[PlyCount "73"]
[EventDate "2014.01.10"]
[EventType "swiss"]
[EventRounds "9"]
[EventCountry "VEN"]
[SourceTitle "CBM 158 Extra"]
[Source "ChessBase"]
[SourceDate "2014.02.28"]
[SourceVersion "1"]
[SourceVersionDate "2014.02.28"]
[SourceQuality "1"]

1. e4 g6 2. d4 Bg7 3. Nf3 d6 4. Nc3 a6 5. Be3 b5 6. Bd3 Bb7 7. e5 e6 8. a4 b4 9. Ne4 Bxe4 10. Bxe4 d5 11. Bd3 c5 12. dxc5 Nc6 13. Qe2 Qa5 14. Bf4 Nb8 15. 0-0 Qxc5 16. c4 bxc3 17. Rac1 Ne7 18. Rxc3 Qb6 19. Bg5 Nbc6 20. Rfc1 0-0 21. b4 h6 22. Bf6 Qxb4 23. Bxa6 Qb6 24. Bb5 Rac8 25. Qd2 Qb7 26. h4 Na7 27. Bd3 Rxc3 28. Rxc3 Rc8 29. Rxc8+ Naxc8 30. h5 gxh5 31. Qf4 Ng6 32. Qg3 Nce7 33. Nh4 Qb3 34. Nxg6 Nxg6 35. Bxg6 Qxg3 36. fxg3 fxg6 37. Bxg7 1-0

[Event "VEN-ch"]
[Site "Lecheria"]
[Date "2014.01.12"]
[Round "5"]
[White "Osorio Itanare, Fernando Augus"]
[Black "Huerta Escobar, Bruce"]
[Result "1-0"]
[WhiteElo "2230"]
[BlackElo "2055"]
[PlyCount "77"]
[EventDate "2014.01.10"]
[EventType "swiss"]
[EventRounds "9"]
[EventCountry "VEN"]
[SourceTitle "CBM 158 Extra"]
[Source "ChessBase"]
[SourceDate "2014.02.28"]
[SourceVersion "1"]
[SourceVersionDate "2014.02.28"]
[SourceQuality "1"]

1. e4 g6 2. Nc3 c6 3. Bc4 b5 4. Bb3 b4 5. Qf3 Nf6 6. e5 bxc3 7. exf6 cxd2+ 8. Bxd2 exf6 9. 0-0-0 d5 10. Nh3 Be6 11. Rhe1 Nd7 12. Nf4 Ne5 13. Qe2 Bg7 14. Nxe6 fxe6 15. f4 0-0 16. fxe5 fxe5 17. Bc3 e4 18. Qg4 Qe7 19. Bxg7 Kxg7 20. Qg3 Rac8 21. h4 Rf5 22. Kb1 Kg8 23. Rh1 Rcf8 24. h5 g5 25. h6 c5 26. c3 c4 27. Bc2 Rf2 28. Rh5 R8f5 29. Re1 R2f4 30. Bd1 Kh8 31. Qe3 Kg8 32. g3 Rf2 33. Bg4 Qb7 34. Rxg5+ Kh8 35. Re2 Rf1+ 36. Kc2 Qb5 37. Qxa7 Rxg5 38. Bxe6 Rf6 39. Qd4 1-0

[Event "VEN-ch"]
[Site "Lecheria"]
[Date "2014.01.10"]
[Round "1"]
[White "Huerta Escobar, Bruce"]
[Black "Guerrero Vargas, Andres Jesus"]
[Result "0-1"]
[WhiteElo "2055"]
[BlackElo "2279"]
[PlyCount "90"]
[EventDate "2014.01.10"]
[EventType "swiss"]
[EventRounds "9"]
[EventCountry "VEN"]
[SourceTitle "CBM 158 Extra"]
[Source "ChessBase"]
[SourceDate "2014.02.28"]
[SourceVersion "1"]
[SourceVersionDate "2014.02.28"]
[SourceQuality "1"]

1. Nf3 Nf6 2. g3 g6 3. Bg2 Bg7 4. 0-0 0-0 5. d3 d5 6. Nbd2 c5 7. e4 Nc6 8. Re1 h6 9. c3 b6 10. h3 e5 11. exd5 Nxd5 12. Nc4 Re8 13. a4 Rb8 14. Nfd2 Be6 15. Ne4 Qc7 16. a5 Red8 17. axb6 axb6 18. Qe2 f5 19. Ned2 Bf7 20. Nf1 b5 21. Nce3 Nde7 22. Nd2 Qd7 23. Ra6 Qc8 24. Ra1 Qc7 25. Nf3 Rd6 26. Bf1 Rbd8 27. Qc2 Qb6 28. h4 Be6 29. Ng2 Bd5 30. Nh2 Rc8 31. Be3 Nd4 32. cxd4 cxd4 33. Qd2 dxe3 34. Nxe3 Bb7 35. Qa5 Qd4 36. Qxb5 Rb6 37. Qa4 Qd8 38. Qa2+ Kh8 39. Rac1 Rb8 40. Rc2 f4 41. gxf4 exf4 42. Neg4 Bd5 43. Qa3 Nf5 44. Ne5 Qxh4 45. Nxg6+ Rxg6+ 0-1

[Event "Central America-chT U18 4th"]
[Site "Armenia"]
[Date "2013.11.03"]
[Round "5"]
[White "Huerta Escobar, Bruce"]
[Black "Granados Ortiz, Fidel"]
[Result "1-0"]
[WhiteElo "2055"]
[BlackElo "1751"]
[PlyCount "93"]
[EventDate "2013.11.02"]
[EventType "team"]
[EventRounds "7"]
[EventCountry "COL"]
[SourceTitle "EXT 2016"]
[Source "ChessBase"]
[SourceDate "2015.10.08"]
[SourceVersion "1"]
[SourceVersionDate "2015.10.08"]
[SourceQuality "1"]
[WhiteTeam "Venezuela"]
[BlackTeam "Nicaragua"]
[WhiteTeamCountry "VEN"]
[BlackTeamCountry "NCA"]

1. d4 d5 2. Nf3 Nf6 3. c4 c6 4. e3 e6 5. Nc3 Nbd7 6. Bd3 Bd6 7. 0-0 0-0 8. e4 dxe4 9. Nxe4 Nxe4 10. Bxe4 e5 11. dxe5 Nxe5 12. Nxe5 Bxe5 13. Bxh7+ Kxh7 14. Qh5+ Kg8 15. Qxe5 Re8 16. Qc3 Bf5 17. Be3 Re6 18. Rad1 Qh4 19. Rd4 Qh5 20. Rfd1 Rg6 21. Bf4 Re8 22. Bg3 Bg4 23. f3 Be6 24. Re1 Qc5 25. Re5 Qb6 26. Bf2 Qc7 27. Rh5 f6 28. Qd3 Kf7 29. Rd6 c5 30. Rxc5 Qe7 31. Bg3 Rc8 32. Rxc8 Bxc8 33. Rd4 Rh6 34. Qe4 Qxe4 35. Rxe4 Be6 36. b4 Rh5 37. Rd4 Ke7 38. Kf2 b5 39. cxb5 Bxa2 40. Bd6+ Kf7 41. Bc5 Be6 42. h3 Bc8 43. Rd8 Be6 44. Ra8 Rd5 45. Rxa7+ Kg6 46. b6 Rd2+ 47. Ke3 1-0

[Event "Caracas Onapre Cup 3rd"]
[Site "Caracas"]
[Date "2013.07.06"]
[Round "4"]
[White "Alcala Vitora, Wilfredo Enrique"]
[Black "Huerta Escobar, Bruce"]
[Result "1-0"]
[WhiteElo "2022"]
[BlackElo "2038"]
[PlyCount "111"]
[EventDate "2013.07.04"]
[EventType "swiss"]
[EventRounds "7"]
[EventCountry "VEN"]
[SourceTitle "EXT 2018"]
[Source "ChessBase"]
[SourceDate "2017.10.13"]
[SourceVersion "1"]
[SourceVersionDate "2017.10.13"]
[SourceQuality "1"]

1. Nc3 g6 2. e4 Bg7 3. Bc4 d6 4. f4 e6 5. Nf3 Ne7 6. Bb3 0-0 7. d3 d5 8. Qe2 c5 9. 0-0 Nbc6 10. Qf2 Nd4 11. Ne2 dxe4 12. dxe4 Nxf3+ 13. Qxf3 b6 14. Be3 Bb7 15. c3 Qd3 16. Ng3 Nf5 17. Bf2 Qxf3 18. gxf3 Nxg3 19. hxg3 Ba6 20. Rfe1 Rfd8 21. Be3 Bd3 22. Kf2 c4 23. Ba4 b5 24. Bd1 b4 25. e5 bxc3 26. bxc3 a5 27. Bd4 Rab8 28. Be2 Bxe2 29. Rxe2 a4 30. Rd1 Bf8 31. Ke3 a3 32. Rdd2 Rb1 33. g4 h6 34. Ke4 Be7 35. f5 gxf5+ 36. gxf5 exf5+ 37. Kxf5 Kh7 38. Be3 Rd1 39. Rxd1 Rxd1 40. Rh2 Bf8 41. Rd2 Rxd2 42. Bxd2 Kg7 43. Be3 Be7 44. Bd4 h5 45. Be3 Bd8 46. Bc1 Ba5 47. Bd2 Bd8 48. Be1 Be7 49. f4 Bd8 50. Bd2 Be7 51. Ke4 h4 52. f5 f6 53. e6 Bd6 54. Bf4 Be5 55. Bxe5 fxe5 56. Kf3 1-0

[Event "Panamerican Universities U26"]
[Site "Porlamar"]
[Date "2012.11.03"]
[Round "3.5"]
[White "Huerta Escobar, Bruce"]
[Black "Suarez Ruiz, Juan Andres"]
[Result "1-0"]
[WhiteElo "2028"]
[BlackElo "1851"]
[PlyCount "45"]
[EventDate "2012.11.02"]
[EventType "swiss"]
[EventRounds "7"]
[EventCountry "VEN"]
[SourceTitle "EXT 2024"]
[Source "ChessBase"]
[SourceDate "2023.10.10"]
[SourceVersion "1"]
[SourceVersionDate "2023.10.10"]
[SourceQuality "1"]

1. e4 e6 2. d4 d5 3. e5 c5 4. Nf3 Nc6 5. Bd3 cxd4 6. 0-0 Qc7 7. Re1 Bc5 8. a3 Nge7 9. b4 Bb6 10. Qe2 Ng6 11. g3 Bd7 12. h4 0-0 13. h5 Nge7 14. Ng5 h6 15. Nh7 Rfc8 16. Bxh6 Nf5 17. Nf6+ Kf8 18. Bxg7+ Nxg7 19. Qg4 Nxh5 20. Qxh5 Ke7 21. Qg5 Kf8 22. Kg2 Be8 23. Nh7# 1-0